Introduction to the economics of agricultural production (Record no. 351623)
[ view plain ]
| 000 -LEADER | |
|---|---|
| fixed length control field | 004570000a22001570004500 |
| 020 ## - INTERNATIONAL STANDARD BOOK NUMBER | |
| International Standard Book Number | 0876925093 |
| 060 ## - NATIONAL LIBRARY OF MEDICINE CALL NUMBER | |
| Classification number | 100 |
| 082 ## - DEWEY DECIMAL CLASSIFICATION NUMBER | |
| Classification number | 338.1 SAN |
| 100 ## - MAIN ENTRY--PERSONAL NAME | |
| Personal name | Sankhayan, P.L. |
| 245 ## - TITLE STATEMENT | |
| Title | Introduction to the economics of agricultural production |
| 260 ## - PUBLICATION, DISTRIBUTION, ETC. (IMPRINT) | |
| Place of publication, distribution, etc. | New Delhi, Prentice- Hall of India |
| 260 ## - PUBLICATION, DISTRIBUTION, ETC. (IMPRINT) | |
| Date of publication, distribution, etc. | 1988 |
| 300 ## - PHYSICAL DESCRIPTION | |
| Extent | 135 |
| 650 ## - SUBJECT ADDED ENTRY--TOPICAL TERM | |
| Topical term or geographic name as entry element | Economics - agricultural production/ production function - agriculture/ production methodology |
| 942 ## - ADDED ENTRY ELEMENTS (KOHA) | |
| Koha item type | Books (General) |
| Withdrawn status | Lost status | Damaged status | Not for loan | Home library | Current library | Date acquired | Total Checkouts | Full call number | Barcode | Date last seen | Date checked out | Price effective from | Koha item type |
|---|---|---|---|---|---|---|---|---|---|---|---|---|---|
| College of Agriculture, Vellayani | College of Agriculture, Vellayani | 02/05/2014 | 1 | 338.1 SAN | KAU_COAV-23451 | 14/07/2025 | 10/07/2025 | 02/05/2014 | Books (General) |
